Language Quiz

Random Language Quiz

Kirche Worten Tiel 2 - German / Deutch Quiz Stats

 Plays Quiz not verified by Sporcle

Score 0/35 Timer 08:00
0 Plays Today
Hint Answer % Correct
glaubenbelieve
83.9%
(das) Sakramentsacrament
83.3%
(die) Jungfrauvirgin
75.5%
(die) Erdeearth
75%
allmächtigalmighty
70.8%
(das) Reichkingdom
68.8%
böseevil
67.7%
gebordenborn
62.5%
(die) Krippemanger
61.5%
(die) Kraftpower
61.5%
(der) Glaubefaith
60.9%
kreuzigencrucify
58.9%
erlösenredeem
58.3%
(der) Teufeldevil
55.7%
(die) Ewigkeiteternity
53.6%
ewigeternal
52.6%
(die) Bittepetition
52.6%
(das) heilige AbendmahlHoly Communion
51%
Hint Answer % Correct
(der) Schöpfercreator
42.7%
Gnadenmittelmeans of grace
42.2%
(die) Taufebaptism
40.6%
trauentrust
38%
(die) Herrlichkeitmagnificence
38%
(die) Versuchungtemptation
37.5%
(die) Gesellschaft, Gemeinschaftfellowship
36.5%
(die) Schuldguilt
36.5%
(der/das) Patesponsor
35.9%
selighappy
35.4%
heiligenhallow
35.4%
(das) Gebotcommandment
33.9%
geschahhas happened
31.8%
dienenserve
31.3%
auffahrenascend
31.3%
(die) Gemeindecongregation
28.6%
geschehento happen
26%

You're not logged in!

Compare scores with friends on all Sporcle quizzes.
OR
Log In

Sporcle TV

Today on Sporcle TV


Watch our educational content, quiz creation guides, and fun videos on Sporcle TV.

Show Comments

Extras

Created Dec 15, 2014ReportNominate

Top Quizzes Today


Score Distribution

Your Account Isn't Verified!

In order to create a playlist on Sporcle, you need to verify the email address you used during registration. Go to your Sporcle Settings to finish the process.

Report this User

Report this user for behavior that violates our Community Guidelines.

Details: